Представление документа в формате MARC21

Поле Инд. ПП Название Значение
Тип записи a
Библиографический уровень b
001 Контрольный номер RU/IS/BASE/457108633
005 Дата корректировки 20250203153417.5
008 Кодируемые данные 20140626
040 b Код языка каталог. rus
e Правила каталог. PSBO
041 0_ a Код языка текста rus
084 a Индекс другой классификации/Индекс ББК 65.01; 65.26
100 1_ a Автор Смирнов А. Д.
q Полное имя Смирнов Александр Дмитриевич
245 10 a Заглавие Простая модель предсказания финансовых кризисов
504 a Библиография Лит. в конце статьи
520 0_ a Аннотация Предлагается простая модель прогнозирования кризисов. Модель состоит из трех компонент. В первой выводятся дифференциальные уравнения динамики мировых долговых обязательств, ВВП и их отношения, называемого "финансовым рычагом". Затем исследуется группа распределений случайного числа финансовых кризисов. Экспоненциальные функции глобального долга, ВВП и "финансового рычага" в сочетании с экспоненциальным законом распределения времени между кризисами формируют степенное (Парето) распределения финансовых индикаторов. Наконец, решаются уравнения, корнями которых являются критические значения индикаторов, соответствующие равным шансам "выживания" и коллапса финансовой системы. Позитивные изменения в финансовой системем посткризисного периода происходят недостаточно быстро, и мировая экономика рискует быть накрытой "второй волной" кредитного кризиса.
650 a Основная рубрика финансы
a Основная рубрика экономика
a Основная рубрика экономическая теория
653 1_ a Ключевые слова короткие кредит
a Ключевые слова кредитный кризис
a Ключевые слова кредит
a Ключевые слова критическая точка
a Ключевые слова модели прогнозирования
a Ключевые слова монетизация долга
a Ключевые слова прогнозирование кризисов
a Ключевые слова рынок кредитов
a Ключевые слова сложная система
a Ключевые слова теория финансов
a Ключевые слова финансовый "пузырь"
a Ключевые слова финансовый кризис
773 0_ t Заглавие источника Экономический журнал ВШЭ
d Дата издания источника 2013
g Прочая информация Т. 17, № 2. - С. 179 - 211 : табл., граф., расчет.
w Контрольный № источника RU/IS/BASE/425146877
901 t Тип документа b